Logo BPK

Biblioteka

Politechniki Koszalińskiej

Nakład pracy na wykonanie analiz dokumentacyjnych opisów patentowych Nr 1/71 / (Rekord nr 7322)

Szczegóły MARC
000 -ETYKIETA REKORDU
podpole kontrolne o stałej długości 00742nam a2200217 i 4500
001 - NUMER KONTROLNY REKORDU
pole kontrolne bg
040 ## - ŹRÓDŁO KATALOGOWANIA
Instytucja, która utworzyła rekord BPK
041 ## - KOD JĘZYKA
Kod języka tekstu pol
080 ## - UNIWERSALNA KLASYFIKACJA DZIESIĘTNA - UKD
UKD 65.015.2:019:608.3
008 - POLE O STAŁEJ DŁUGOŚCI - DANE KONTROLNE
podpole kontrolne o stałej długości s pl f |000 0 pol
100 1# - NAZWA OSOBOWA
Nazwa osobowa GÓRSKI, Adam
245 #0 - TYTUŁ/ODPOWIEDZIALNOŚĆ
Tytuł Nakład pracy na wykonanie analiz dokumentacyjnych opisów patentowych Nr 1/71 /
Pozostałe elementy strefy tytułu i oznaczenia odpowiedzialności Adam Górski, Wojciech Otton-Pilecki, Mirosława Skubisz.
260 ## - STREFA ADRESU WYDAWNICZEGO
Miejsce wydania Warszawa :
Nazwa wydawcy/dystrybutora Centr. Inst. Inf. Nauk.-Techn. i Ekon.,
Data publikacji, dystrybucji/powstania dokumentu 1971.
300 ## - STREFA OPISU FIZYCZNEGO
Objętość s. 71, nlb. 1 :
Inne cechy fizyczne tab., wykr.
490 1# - STREFA SERII I DOKUMENTU WIELOCZĘŚCIOWEGO - FORMA NIE DO WYSZUKIWANIA
Tytuł i oznaczenie odpowiedzialności serii Prace. Studia. Przyczynki ;
Numeracja w obrębie serii [Nr] 1/71
504 ## - UWAGA DOTYCZĄCA BIBLIOGRAFII
Informacje o bibliografii [Zawiera bibliogr. s. 48-49].
700 1# - HASŁO DODATKOWE - NAZWA OSOBOWA
Nazwa osobowa PILECKI-OTTON, Wojciech
700 1# - HASŁO DODATKOWE - NAZWA OSOBOWA
Nazwa osobowa SKUBISZ, Mirosława
830 ## - HASŁO DODATKOWE SERII LUB DOKUMENTU WIELOCZĘŚCIOWEGO - TYTUŁ UJEDNOLICONY
Tytuł ujednolicony Prace. Studia. Przyczynki ;
856 ## - LOKALIZACJA I DOSTĘP DO ELEKTRONICZNYCH DOKUMENTÓW ZDALNYCH
Link (URL) http://koha.tu.koszalin.pl/cgi-bin/koha/opac-detail.pl?biblionumber=7322
Tekst linku Katalog online BPK
942 ## - DODATKOWE ELEMENTY (KOHA)
Typ dokumentu Książka
Egzemplarze
Wycofany Status egzemplarza Uszkodzony Dostępność Lokalizacja stała Lokalizacja bieżąca Miejsce przechowywania Sygnatura Kod kreskowy Typ dokumentu
      Dostępny Biblioteka Politechniki Koszalińskiej Biblioteka Politechniki Koszalińskiej Wypożyczalnia BG P 3073 02189055 Książka
© 2023 Biblioteka Politechniki Koszalińskiej :: KOHA